000 00313nam a2200133Ia 4500
008 240624s9999 xx 000 0 und d
041 _aeng
082 _a381 STO
100 _aSTONE BRAD
245 _aEVERYTHING STORE
260 _c2014
_aLondon
_bCorgi Books
300 _a463 : p. : cm. ; 19
365 _cRS
_b30
999 _c26761
_d26761